Welcome to the Holygrace Academy Library

Please use search bar below to get started

SRIMAD BHAGAVADGITA (Record no. 5261)

MARC details
000 -LEADER
fixed length control field 00271nam a22001217a 4500
082 ## - DEWEY DECIMAL CLASSIFICATION NUMBER
Classification number 294.5924
Item number RAM/S
100 ## - MAIN ENTRY--AUTHOR NAME
Personal name SWAMI RAMSUKHDAS
245 ## - TITLE STATEMENT
Title SRIMAD BHAGAVADGITA
260 ## - PUBLICATION, DISTRIBUTION, ETC. (IMPRINT)
Place of publication GORAKHPUR
Name of publisher GITA PRESS
Year of publication 2003
300 ## - PHYSICAL DESCRIPTION
Number of Pages 1430
650 ## - SUBJECT ADDED ENTRY--TOPICAL TERM
Topical Term RELIGIOUS
Geographic subdivision INDIA
942 ## - ADDED ENTRY ELEMENTS (KOHA)
Koha item type Books
Holdings
Withdrawn status Lost status Collection code Home library Current library Shelving location Date acquired Source of acquisition Full call number Accession Number Koha item type
    Non-fiction Main Library Main Library SHELF 15 C-RELIGIOUS 05/05/2005 purchase 294.5924 RAM/S 01096 Books
    Non-fiction Main Library Main Library SHELF 15 C-RELIGIOUS 05/05/2005 purchase 294.5924 RAM/S 01095 Books